Politica educacional argentina /

Guardado en:
Autor Principal: Solari, Manuel Horacio
Formato: Libro
Publicado: Buenos Aires : El Ateneo, 1958
Edición:9a. ed.
Materias:
Etiquetas: Agregar Etiqueta
Sin Etiquetas, Sea el primero en etiquetar este registro!
LEADER 00528nam a22001935a 4500
001 CEM.cems006027
005 20060214000000.0
008 130507s1958##################000#0#####d
003 CEMS
082 0 4 |a 371.2 
100 1 |a Solari, Manuel Horacio 
245 1 0 |a Politica educacional argentina / 
250 |a 9a. ed. 
260 |a Buenos Aires :  |b El Ateneo,  |c 1958 
300 |a 167 p. 
653 |a Argentina 
653 |a Educacion 
653 |a Politica educacional 
859 |a CEMS  |b BIB. CEMS - 11 de abril  |h 371.2  |i So42a9/Ej.2  |p 9712.81  |t Ej.1